000 00392nam a22001697a 4500
005 20160625120431.0
008 160625b xxu||||| |||| 00| 0 eng d
020 _a81-7929-097-2
041 _aeng
082 _b10062
100 _aRowson, Pauline
_91965
245 _aEffective Telemarketing
260 _bInfinity Books
_c2005
300 _a96
650 _aManagement
_9241
942 _cBK
999 _c3998
_d3997